النشرة السنوية لتقديرات الدخل من القطاع الزراعي عام 2019/2018 = Annual Bulletin/ of Income Estimates From the Agricultural Sector 2018 /2019

يعد القطاع الزراعي أحد أهم المصادر الرئيسية للدخل القومي، لذا لذا يقوم الجهاز المركزي للتعبئة العامة والإحصاء بإصدار النشرة السنوية لتقديرات الدخل من القطاع الزراعي عن كل سنة زراعية مقوما بالأسعار المزرعية الجارية متضمنة قيمة إنتاج كل من الأراضي القديمة والجديدة....

全面介绍

Saved in:
书目详细资料
主要作者: الجهاز المركزى للتعبئة العامة والإحصاء
格式: 序列
语言:阿拉伯语
出版: القاهرة : الجهاز المركزي للتعبئة العامة والإحصاء. 2021
主题:
标签: 添加标签
没有标签, 成为第一个标记此记录!

MARC

LEADER 00000nas a22000007a 4500
003 INP
005 20211129111034.0
008 180210s2021 ua aj||fr |00| 0 ara d
952 |0 0  |1 0  |4 0  |6 338_100000000000000_ن_ش_20182019  |7 0  |9 21318  |a INP  |b INP  |c MAIN  |d 2021-11-16  |l 0  |o 338.1 ن ش 2018-2019  |p 022328  |r 2022-03-28 00:00:00  |w 2021-11-16  |y PUB  |0 0 
999 |c 17284  |d 17284 
040 |a EG-INP  |b ara  |c EG-INP 
082 0 4 |2 21  |a 338.1  |b ن ش 2018-2019 
100 |a الجهاز المركزى للتعبئة العامة والإحصاء. 
245 0 2 |a النشرة السنوية لتقديرات الدخل من القطاع الزراعي عام 2019/2018 =  |b Annual Bulletin/ of Income Estimates From the Agricultural Sector 2018 /2019  |c الجهاز المركزى للتعبئة العامة والإحصاء. 
246 1 1 |a Annual Bulletin of Income Estimates From the Agricultural Sector 2018 /2019 
260 |a القاهرة :   |b الجهاز المركزي للتعبئة العامة والإحصاء.  |c 2021 
300 |a مج. :   |b إيض. ؛   |c 24 سم. 
310 |a سنوي. 
500 |a مرجع رقم 71- 22121 - 2019. 
500 |a إصدار أبريل 2021. 
500 |a يبنى الوصف على عام 2019/2018. 
520 |a يعد القطاع الزراعي أحد أهم المصادر الرئيسية للدخل القومي، لذا لذا يقوم الجهاز المركزي للتعبئة العامة والإحصاء بإصدار النشرة السنوية لتقديرات الدخل من القطاع الزراعي عن كل سنة زراعية مقوما بالأسعار المزرعية الجارية متضمنة قيمة إنتاج كل من الأراضي القديمة والجديدة. 
650 7 |2 qrmak  |a الاغذية 
650 7 |2 qrmak  |a التكنولوجيا الحيوية الزراعية. 
650 7 |2 qrmak  |a الدخل الزراعي. 
650 7 |2 qrmak  |a القطاع الزراعى 
901 |a EGPV3 
902 |a egpv34 
903 |a original 
942 |2 ddc  |c PUB